000 00689nam a2200229 i 4500
001 188868
003 SpMaBN
005 20250807124651.0
008 190219s2017 sp |||| | spa d
020 _a9788490605004
080 _a821.134.2-31"19"
100 1 _aGalatas, Marta.
_9166378
245 1 0 _aDejé mi corazón en Manila /
_cMarta Galatas.
250 _a1ª ed.
260 _aMadrid :
_bLa Esfera de los Libros,
_c2017.
300 _a375 p. ;
_c25 cm.
490 1 _aNovela histórica
830 0 _aNovelas históricas
_9183759
852 _aES-MaACL
_jA-14370
_z- Enc. cart.
_9196002
_bR.151727
_cDEPO1
_dOlim: N-7370
942 _2udc
999 _c188868
_d188868